| 000 | 01047nam0a2200301 i 4500 | ||
|---|---|---|---|
| 001 | RU\NLR\BIBL_A\011609330 | ||
| 005 | 20241103131643.0 | ||
| 010 |
_a9785893573510 _9300 |
||
| 021 |
_aRU _b2017-100606 _97253 |
||
| 035 | _a(RuMoRGB)009501370 | ||
| 035 | _a(NLR Aleph) 011609330 | ||
| 090 |
_a10927451 _c10927451 |
||
| 100 | _a20180129d2016 u y0rusy50 ca | ||
| 101 | 0 | _arus | |
| 102 | _aRU | ||
| 105 | _a |||z|||000zy | ||
| 200 | 1 |
_aПуть к вере, надежде, любви: терапевтические истории и сказки для семейного чтения _fСемен Есельсон |
|
| 205 | _a2-е изд. | ||
| 210 |
_aМосква _cСмысл _d2016 |
||
| 215 |
_a161, [2] с. _cцв. ил. _d21 |
||
| 606 |
_aСказкотерапия _92082655 _3RU\NLR\AUTH\661258682 |
||
| 686 |
_aЮ948.1-82,0 _2rubbk |
||
| 686 | 1 | _aЮ948.1-82 | |
| 700 | 1 |
_aЕсельсон _bС. Б. _gСемен Борисович |
|
| 942 | _cBOOK | ||
| 980 | _aNBR | ||